[Event "Madrid ch - Previa A"]
[Site "Madrid ESP"]
[Date "2009.11.04"]
[Round "3.2"]
[White "Iagar, Razvan-Gabriel"]
[Black "Tipter, Napoleon"]
[Result "0-1"]
[WhiteElo "1971"]
[BlackElo "2048"]
[PlyCount "144"]
[EventDate "2009.11.02"]
[EventType "swiss"]
[EventRounds "9"]
[EventCountry "ESP"]
[Source "lmi"]
[SourceDate "2009.11.02"]

1. d4 Nf6 2. c4 c5 3. d5 d6 4. Nc3 g6 5. e4 Bg7 6. h3 O-O 7. Nf3 Ne8 8. Bd3 e5
9. Bg5 f6 10. Be3 f5 11. Qc2 Na6 12. a3 Bd7 13. Rb1 f4 14. Bd2 Rc8 15. Qb3 b6
16. Nb5 Bxb5 17. Qxb5 Nac7 18. Qb3 g5 19. Be2 h5 20. Nh2 Nf6 21. Qc2 Qd7 22. f3
Bh6 23. Nf1 Kg7 24. Qd3 Rh8 25. b3 g4 26. Kd1 Bg5 27. Kc2 b5 28. Bc3 a6 29. Nd2
g3 30. Rhc1 Rb8 31. Bf1 Na8 32. Kd1 Qa7 33. Ba1 Nb6 34. Be2 Nfd7 35. Bf1 Be7
36. Be2 Rb7 37. Bf1 Rhb8 38. Qc2 Na8 39. Qd3 Bd8 40. Be2 Ba5 41. Bc3 b4 42. Bb2
bxa3 43. Bxa3 Bb4 44. Bxb4 cxb4 45. Bf1 Qg1 46. Ra1 Nc5 47. Qc2 Nb6 48. Rcb1
Nc8 49. Kc1 Ra7 50. Ra5 Nb7 51. Ra4 a5 52. Rba1 Rba8 53. R4a2 Nc5 54. Qd1 Nb6
55. Rb2 Kf6 56. Rab1 Ke7 57. Ra1 Qe3 58. Qc2 Ra6 59. Rab1 a4 60. Kd1 Qd4 61.
Kc1 Qg1 62. Qd1 R8a7 63. Ra1 Qe3 64. Kb1 Qd4 65. Kc1 axb3 66. Rxa6 Qc3+ 67. Rc2
Rxa6 68. Rxc3 Ra1+ 69. Nb1 bxc3 70. Bd3 Nxd3+ 71. Qxd3 c2 72. Qxb3 cxb1=Q+ 0-1

[Event "Madrid ch - Previa A"]
[Site "Madrid ESP"]
[Date "2009.11.04"]
[Round "3.3"]
[White "Caceres Rodriguez, Jose J"]
[Black "Vukotic Jovsic, Dragan"]
[Result "1-0"]
[WhiteElo "1997"]
[BlackElo "1970"]
[PlyCount "47"]
[EventDate "2009.11.02"]
[EventType "swiss"]
[EventRounds "9"]
[EventCountry "ESP"]
[Source "lmi"]
[SourceDate "2009.11.02"]

1. Nf3 e6 2. c4 c5 3. g3 Nc6 4. Bg2 g6 5. d4 cxd4 6. Nxd4 a6 7. O-O Bg7 8. Nxc6
bxc6 9. Nc3 Ne7 10. Ne4 d5 11. cxd5 cxd5 12. Qa4+ Qd7 13. Nd6+ Kf8 14. Qa3 Be5
15. Bh6+ Bg7 16. Bd2 Be5 17. Nc4 Bc7 18. Bc3 Rg8 19. Rad1 Bb7 20. e4 Ke8 21.
Rfe1 Rd8 22. Ne5 Qc8 23. Ng4 dxe4 24. Nf6+ 1-0

[Event "Madrid ch - Previa A"]
[Site "Madrid ESP"]
[Date "2009.11.04"]
[Round "3.4"]
[White "Garcia Gutierrez, Jose"]
[Black "Beekhof Harmsen, Willen"]
[Result "1/2-1/2"]
[WhiteElo "2053"]
[BlackElo "1872"]
[PlyCount "58"]
[EventDate "2009.11.02"]
[EventType "swiss"]
[EventRounds "9"]
[EventCountry "ESP"]
[Source "lmi"]
[SourceDate "2009.11.02"]

1. e4 d6 2. d4 g6 3. Nc3 Bg7 4. Bg5 f6 5. Bh4 g5 6. Qh5+ Kf8 7. Bg3 Be6 8. Bd3
Bf7 9. Qe2 h5 10. h4 e5 11. dxe5 fxe5 12. O-O-O Nc6 13. Kb1 Nd4 14. Qf1 Bf6 15.
hxg5 Bxg5 16. f4 Bf6 17. fxe5 dxe5 18. Bc4 Qe7 19. Nd5 Bxd5 20. exd5 h4 21.
Rxh4 Rxh4 22. Bxh4 Kg7 23. Bf2 b5 24. Bxb5 Rb8 25. Bxd4 exd4 26. Bd3 Rxb2+ 27.
Kxb2 Qb4+ 28. Ka1 Qc3+ 29. Kb1 Qb4+ 1/2-1/2

[Event "Madrid ch - Previa A"]
[Site "Madrid ESP"]
[Date "2009.11.04"]
[Round "3.5"]
[White "Osorio Ramos, Francisco"]
[Black "Spitzer Isbert, Ramon"]
[Result "0-1"]
[WhiteElo "1946"]
[BlackElo "2064"]
[PlyCount "106"]
[EventDate "2009.11.02"]
[EventType "swiss"]
[EventRounds "9"]
[EventCountry "ESP"]
[Source "lmi"]
[SourceDate "2009.11.02"]

1. Nf3 c5 2. g3 b6 3. Bg2 Bb7 4. c4 g6 5. O-O Bg7 6. Nc3 Qc8 7. d3 Na6 8. a3
Nc7 9. e4 Nf6 10. Qc2 O-O 11. Be3 Ng4 12. Bd2 f5 13. Nd5 Qd8 14. h3 fxe4 15.
dxe4 Ne5 16. Nxe5 Bxe5 17. Bc3 Bxc3 18. Qxc3 Ne6 19. Qe5 Rf7 20. f4 Nd4 21. Qg5
Kh8 22. Qe5+ Rg7 23. Qg5 Qf8 24. Qg4 Bxd5 25. cxd5 Nc2 26. Qxd7 Nxa1 27. Rxa1
e5 28. Qg4 exf4 29. gxf4 c4 30. Rd1 Rf7 31. Rf1 Qc5+ 32. Kh2 Raf8 33. Rf3 Qc7
34. e5 Rxf4 35. d6 Qg7 36. Rxf4 Qxe5 37. d7 Rxf4 38. Kh1 Rd4 39. Qf3 Kg7 40.
Bf1 Rd2 41. Qc3 Qxc3 42. bxc3 b5 43. Bg2 Rxd7 44. Bc6 Rd1+ 45. Kh2 Rb1 46. Kg3
Rb3 47. Kg4 a6 48. a4 bxa4 49. Bxa4 Rxc3 50. Bc6 Kf6 51. h4 Rd3 52. Bb7 c3 53.
Bxa6 Rd4+ 0-1

[Event "Madrid ch - Previa A"]
[Site "Madrid ESP"]
[Date "2009.11.04"]
[Round "3.6"]
[White "Lozano Sanchez, Jose Antonio"]
[Black "Montolio Benedicto, Cesar"]
[Result "1/2-1/2"]
[WhiteElo "1912"]
[BlackElo "1991"]
[PlyCount "32"]
[EventDate "2009.11.02"]
[EventType "swiss"]
[EventRounds "9"]
[EventCountry "ESP"]
[Source "lmi"]
[SourceDate "2009.11.02"]

1. e4 e5 2. Nf3 Nc6 3. Bc4 Bc5 4. Nc3 Nf6 5. d3 d6 6. h3 h6 7. Na4 Bb6 8. a3
O-O 9. O-O Be6 10. Nxb6 axb6 11. Bxe6 fxe6 12. Nh2 Qe8 13. f4 exf4 14. Bxf4 e5
15. Be3 Qg6 16. Qe2 Nh5 1/2-1/2

[Event "Madrid ch - Previa A"]
[Site "Madrid ESP"]
[Date "2009.11.04"]
[Round "3.7"]
[White "Rodriguez Vignote, Javier"]
[Black "Sotnikov, Taras"]
[Result "0-1"]
[WhiteElo "1874"]
[BlackElo "1971"]
[PlyCount "60"]
[EventDate "2009.11.02"]
[EventType "swiss"]
[EventRounds "9"]
[EventCountry "ESP"]
[Source "lmi"]
[SourceDate "2009.11.02"]

1. d4 f5 2. Bf4 Nf6 3. e3 d6 4. Nf3 c6 5. Bc4 Qb6 6. Bb3 h6 7. h4 a5 8. a4 g6
9. Nbd2 Na6 10. Nc4 Qd8 11. c3 Bg7 12. Qc2 Nd5 13. Bg3 O-O 14. Ncd2 Kh8 15. e4
fxe4 16. Qxe4 Bf5 17. Qe2 Nac7 18. Nf1 Qd7 19. Ne3 Nxe3 20. fxe3 Rae8 21. e4
Bg4 22. Qd3 Ne6 23. Kd2 Nf4 24. Bxf4 Rxf4 25. Raf1 Ref8 26. Bd1 Qe6 27. g3 Rxe4
28. Ng5 hxg5 29. hxg5+ Kg8 30. Bxg4 Qxg4 0-1

[Event "Madrid ch - Previa A"]
[Site "Madrid ESP"]
[Date "2009.11.04"]
[Round "3.8"]
[White "Rodriguez Bachiller, Luis"]
[Black "Baeza Escudero, Javier"]
[Result "0-1"]
[WhiteElo "1879"]
[BlackElo "1956"]
[PlyCount "72"]
[EventDate "2009.11.02"]
[EventType "swiss"]
[EventRounds "9"]
[EventCountry "ESP"]
[Source "lmi"]
[SourceDate "2009.11.02"]

1. e4 c5 2. Nf3 d6 3. d4 cxd4 4. Qxd4 Nc6 5. Bb5 Bd7 6. Bxc6 bxc6 7. Nc3 e5 8.
Qd3 Be7 9. b3 Nf6 10. Bb2 O-O 11. O-O Nh5 12. Rfe1 Nf4 13. Qd2 Bg4 14. Ne2 Bxf3
15. Nxf4 Bg5 16. Qd3 Bg4 17. Ne2 f5 18. f3 fxe4 19. Qxe4 Bd7 20. c4 Qb6+ 21.
Kh1 Bf5 22. c5 Qxc5 23. Qc4+ Qxc4 24. bxc4 Bd3 25. Rad1 Bxc4 26. Rxd6 Rad8 27.
Bxe5 Rxd6 28. Bxd6 Re8 29. f4 Bh4 30. g3 Bxe2 31. Kg1 Bf6 32. Be5 Bxe5 33. fxe5
Bc4 34. Kf2 Kf7 35. a3 Ke6 36. Rb1 Re7 0-1

[Event "Madrid ch - Previa A"]
[Site "Madrid ESP"]
[Date "2009.11.04"]
[Round "3.9"]
[White "Gabriel Y Galan Acevedo, Jesus"]
[Black "Fernandez Aransay, Fernando"]
[Result "0-1"]
[WhiteElo "1981"]
[BlackElo "1937"]
[PlyCount "74"]
[EventDate "2009.11.02"]
[EventType "swiss"]
[EventRounds "9"]
[EventCountry "ESP"]
[Source "lmi"]
[SourceDate "2009.11.02"]

1. d4 Nf6 2. Nf3 g6 3. c4 c5 4. Nc3 Bg7 5. e4 cxd4 6. Nxd4 d6 7. Be2 O-O 8. Be3
Nbd7 9. O-O b6 10. Nc6 Qe8 11. Nb5 Nc5 12. Nb4 Qd8 13. f3 Bb7 14. Qd2 Qd7 15.
Rad1 a6 16. Nc3 a5 17. Nbd5 Bxd5 18. cxd5 Rfc8 19. Bb5 Qd8 20. Bc6 Rab8 21. Nb5
Nfd7 22. a3 Ne5 23. Na7 Rc7 24. Nb5 Rcc8 25. Rc1 Nxc6 26. dxc6 Rxc6 27. b4 Nb3
28. Rxc6 Nxd2 29. Bxd2 d5 30. Be3 dxe4 31. fxe4 Qd3 32. Bf4 Qxb5 33. Rfc1 Bd4+
34. Kh1 Re8 35. bxa5 Qxa5 36. a4 h5 37. Bh6 Bc5 0-1

[Event "Madrid ch - Previa A"]
[Site "Madrid ESP"]
[Date "2009.11.04"]
[Round "3.10"]
[White "Martin Prieto, Oscar"]
[Black "Carrera Cabaneros, Francisco"]
[Result "1/2-1/2"]
[WhiteElo "1967"]
[BlackElo "1816"]
[PlyCount "61"]
[EventDate "2009.11.02"]
[EventType "swiss"]
[EventRounds "9"]
[EventCountry "ESP"]
[Source "lmi"]
[SourceDate "2009.11.02"]

1. d4 d5 2. Nf3 Nf6 3. Bg5 e6 4. Nbd2 c5 5. e4 dxe4 6. Bxf6 gxf6 7. Nxe4 cxd4
8. Nxd4 f5 9. Ng3 Bg7 10. c3 Bxd4 11. Qxd4 Qxd4 12. cxd4 Nd7 13. d5 Nb6 14.
Bb5+ Ke7 15. dxe6 Bxe6 16. O-O Kf6 17. h4 Kg6 18. b3 Rhd8 19. Rad1 a6 20. Bd3
Rac8 21. Ne2 Nd5 22. Bc4 Kf6 23. a4 Nb4 24. Rxd8 Rxd8 25. Rc1 Rd2 26. Nf4 Na2
27. Nh5+ Kg6 28. Nf4+ Kf6 29. Nh5+ Kg6 30. Nf4+ Kf6 31. Nh5+ 1/2-1/2

[Event "Madrid ch - Previa A"]
[Site "Madrid ESP"]
[Date "2009.11.04"]
[Round "3.11"]
[White "Diaz Begonte, Manuel"]
[Black "Tirado Parra, Alberto"]
[Result "0-1"]
[WhiteElo "1793"]
[BlackElo "1949"]
[PlyCount "30"]
[EventDate "2009.11.02"]
[EventType "swiss"]
[EventRounds "9"]
[EventCountry "ESP"]
[Source "lmi"]
[SourceDate "2009.11.02"]

1. e4 e5 2. d4 exd4 3. f4 Nc6 4. Nf3 Bc5 5. a3 Bb6 6. Bd3 Nf6 7. O-O d5 8. exd5
Ne7 9. Nbd2 O-O 10. Nc4 Nexd5 11. Nxb6 axb6 12. Nxd4 Nb4 13. Be3 Ng4 14. Qe2
Re8 15. Rf3 Nxe3 0-1

[Event "Madrid ch - Previa A"]
[Site "Madrid ESP"]
[Date "2009.11.04"]
[Round "3.12"]
[White "Canseco Arenas, Alfonso"]
[Black "Huerta Navarro, Eusebio"]
[Result "1-0"]
[WhiteElo "1789"]
[BlackElo "1948"]
[PlyCount "83"]
[EventDate "2009.11.02"]
[EventType "swiss"]
[EventRounds "9"]
[EventCountry "ESP"]
[Source "lmi"]
[SourceDate "2009.11.02"]

1. c4 e5 2. Nc3 Nf6 3. g3 d5 4. cxd5 Nxd5 5. Bg2 Be6 6. Nf3 Nd7 7. O-O c6 8. d3
Be7 9. Ne4 f6 10. d4 exd4 11. Nxd4 Bf7 12. Nf5 O-O 13. Nfd6 Qc7 14. Nxf7 Rxf7
15. a3 Rd8 16. Qc2 Ne5 17. b4 a6 18. Bb2 Kh8 19. Rad1 Rff8 20. Nc5 Bxc5 21.
Qxc5 Qe7 22. Qc2 Nb6 23. Bd4 Qc7 24. Bc5 Rfe8 25. a4 Nbd7 26. Bd6 Qb6 27. Rd2
Nf7 28. a5 Qb5 29. Bc7 Nde5 30. Bxd8 Nxd8 31. Rfd1 Ne6 32. Bh3 Ng5 33. Bd7
Ngf3+ 34. exf3 Nxf3+ 35. Kg2 Ne1+ 36. Rxe1 Rxe1 37. Qd3 Qxb4 38. Bf5 Re8 39.
Bxh7 Qxa5 40. Bg6 Rc8 41. Qd7 Qd5+ 42. Rxd5 1-0

[Event "Madrid ch - Previa A"]
[Site "Madrid ESP"]
[Date "2009.11.04"]
[Round "3.13"]
[White "Perez Cameselle, Francisco"]
[Black "Martinez Miura, Enrique"]
[Result "1-0"]
[WhiteElo "1930"]
[BlackElo "1747"]
[PlyCount "57"]
[EventDate "2009.11.02"]
[EventType "swiss"]
[EventRounds "9"]
[EventCountry "ESP"]
[Source "lmi"]
[SourceDate "2009.11.02"]

1. Nf3 Nf6 2. b3 d5 3. e3 Bf5 4. Bb2 e6 5. Be2 h6 6. O-O Be7 7. d3 O-O 8. Ne5
Nbd7 9. f4 Nxe5 10. Bxe5 Nd7 11. Bb2 Bf6 12. Bxf6 Qxf6 13. Nd2 Bh7 14. d4 a6
15. Nf3 Qe7 16. Bd3 c5 17. Bxh7+ Kxh7 18. Qd3+ Kg8 19. Ne5 cxd4 20. exd4 Nxe5
21. fxe5 Rac8 22. Rf3 Qc7 23. c3 Qe7 24. Raf1 Qa3 25. Qd2 Qe7 26. Rg3 Kh8 27.
Rf6 Qxf6 28. exf6 g5 29. Rh3 1-0

[Event "Madrid ch - Previa A"]
[Site "Madrid ESP"]
[Date "2009.11.04"]
[Round "3.14"]
[White "Hernanz Villaoslada, Javier"]
[Black "Camarero Izquierdo, Juan Carlos"]
[Result "0-1"]
[WhiteElo "1705"]
[BlackElo "1930"]
[PlyCount "52"]
[EventDate "2009.11.02"]
[EventType "swiss"]
[EventRounds "9"]
[EventCountry "ESP"]
[Source "lmi"]
[SourceDate "2009.11.02"]

1. d4 f5 2. Nf3 Nf6 3. c4 e6 4. Nc3 Bb4 5. Bg5 O-O 6. Qc2 Qe8 7. Bxf6 Rxf6 8.
O-O-O a5 9. e3 a4 10. Bd3 c5 11. e4 cxd4 12. Nxd4 Bxc3 13. Qxc3 fxe4 14. Bxe4
a3 15. Rd2 axb2+ 16. Rxb2 Na6 17. Nb3 Qf8 18. Rd1 Nb4 19. Kb1 d5 20. cxd5 exd5
21. Bxd5+ Nxd5 22. Rxd5 Bf5+ 23. Ka1 Rc6 24. Qe3 Rac8 25. Qd2 Qf6 26. Rd4 Qxd4
0-1

[Event "Madrid ch - Previa A"]
[Site "Madrid ESP"]
[Date "2009.11.04"]
[Round "3.15"]
[White "Benito Mellado, Humberto"]
[Black "Garcia Gonzalez, Pedro A"]
[Result "0-1"]
[WhiteElo "1636"]
[BlackElo "1911"]
[PlyCount "124"]
[EventDate "2009.11.02"]
[EventType "swiss"]
[EventRounds "9"]
[EventCountry "ESP"]
[Source "lmi"]
[SourceDate "2009.11.02"]

1. d4 f5 2. c4 Nf6 3. g3 e6 4. Bg2 d5 5. Nd2 c6 6. a3 Bd6 7. Ngf3 O-O 8. O-O
Nbd7 9. c5 Bc7 10. b4 Ne4 11. Bb2 Ndf6 12. Ne5 Bd7 13. Ndf3 Be8 14. Ne1 Bh5 15.
f3 Ng5 16. Qc1 h6 17. N1d3 Qe8 18. Bc3 Ngh7 19. h4 Nd7 20. Bd2 Qe7 21. Kf2 Nhf6
22. Rh1 Kh7 23. Qb2 Nxe5 24. Nxe5 Nd7 25. Raf1 Nf6 26. Rh3 Rad8 27. Bf4 Be8 28.
Ke1 Nh5 29. Be3 f4 30. Qc2+ Kg8 31. gxf4 Nxf4 32. Rg3 Nxg2+ 33. Rxg2 Qxh4+ 34.
Bf2 Qf4 35. Rg4 Qf5 36. Qb2 Bxe5 37. dxe5 Rd7 38. Bd4 Bh5 39. Rg3 Qf4 40. Rfg1
Rf5 41. Kf2 Be8 42. Be3 Qh4 43. Qd2 Kh7 44. Qd3 Kh8 45. Bd4 Rh5 46. Kf1 Qf4 47.
e3 Qf5 48. Qe2 Qb1+ 49. Kf2 Rh2+ 50. R3g2 Rxg2+ 51. Kxg2 Qf5 52. Qf2 Bh5 53. f4
Qg4+ 54. Kf1 Qf3 55. Qxf3 Bxf3 56. Bb2 Rf7 57. Bc1 Rf5 58. Kf2 Be4 59. Rg3 Rh5
60. Ke1 Rh2 61. Rg1 Kh7 62. Kf1 Rc2 0-1

[Event "Madrid ch - Previa A"]
[Site "Madrid ESP"]
[Date "2009.11.04"]
[Round "3.17"]
[White "Poblador Dieguez, Alfredo"]
[Black "Martin-Consuegra Barrilero, Francisco Javier"]
[Result "0-1"]
[WhiteElo "1661"]
[BlackElo "1891"]
[PlyCount "70"]
[EventDate "2009.11.02"]
[EventType "swiss"]
[EventRounds "9"]
[EventCountry "ESP"]
[Source "lmi"]
[SourceDate "2009.11.02"]

1. d4 d5 2. c4 c6 3. Nc3 Nf6 4. Bg5 e6 5. Nf3 Be7 6. e3 h6 7. Bh4 O-O 8. Bd3
dxc4 9. Bxc4 b5 10. Bb3 Bb7 11. O-O a5 12. a3 Nbd7 13. Rc1 Nd5 14. Bxe7 Qxe7
15. Ne4 a4 16. Ba2 b4 17. Nc5 Nxc5 18. Rxc5 b3 19. Bb1 Ba6 20. Re1 Qd6 21. Ne5
Ne7 22. Qg4 f5 23. Qh5 Rf6 24. f4 Bb5 25. g4 Nd5 26. g5 Nxf4 27. Qh4 hxg5 28.
Qg3 Ng6 29. Qxg5 Nxe5 30. Rxe5 Qf8 31. Qf4 Qf7 32. Kf2 Qh5 33. Kg2 Rg6+ 34. Kh1
Be2 35. Rxe2 Qxe2 0-1

[Event "Madrid ch - Previa A"]
[Site "Madrid ESP"]
[Date "2009.11.04"]
[Round "3.18"]
[White "Marcelo De La Mata, Daniel"]
[Black "Lopez Rodriguez, Eduardo"]
[Result "0-1"]
[WhiteElo "1632"]
[BlackElo "1877"]
[PlyCount "116"]
[EventDate "2009.11.02"]
[EventType "swiss"]
[EventRounds "9"]
[EventCountry "ESP"]
[Source "lmi"]
[SourceDate "2009.11.02"]

1. Nf3 Nc6 2. e4 e5 3. Bb5 d6 4. O-O Nf6 5. d4 Bd7 6. dxe5 Nxe5 7. Bxd7+ Nexd7
8. Nc3 Be7 9. h3 Ne5 10. Bf4 Ng6 11. Be3 O-O 12. Qe2 Qd7 13. Rad1 Qc6 14. Bc1
Rfe8 15. Rfe1 Nd7 16. Nd4 Qb6 17. Nd5 Qa5 18. a3 Bd8 19. b4 Qa4 20. Nb5 Rc8 21.
c4 Nf6 22. Qd3 Ne5 23. Nxf6+ Bxf6 24. Qe2 Ng6 25. Nd4 c5 26. bxc5 dxc5 27. Nf5
Rcd8 28. Nd6 Re7 29. Rd5 Red7 30. Red1 Bd4 31. Nf5 Bf6 32. Rxd7 Rxd7 33. Rxd7
Qxd7 34. Ne3 Bd4 35. Nd5 Ne5 36. Kf1 Qa4 37. f4 Qxc4 38. Qxc4 Nxc4 39. Ke2 Kf8
40. Nc7 a6 41. Nd5 Ke8 42. Kd3 Nd6 43. e5 Nf5 44. g4 Ne7 45. Ke4 Nxd5 46. Kxd5
Kd7 47. f5 b5 48. h4 a5 49. g5 b4 50. axb4 axb4 51. e6+ fxe6+ 52. fxe6+ Ke7 53.
h5 b3 54. h6 g6 55. Kc4 b2 56. Bf4 b1=Q 57. Bd6+ Kxe6 58. Bxc5 Bxc5 0-1

[Event "Madrid ch - Previa A"]
[Site "Madrid ESP"]
[Date "2009.11.04"]
[Round "3.20"]
[White "Lopez Peral, Enrique"]
[Black "Barragan Panal, Juan Jose"]
[Result "1/2-1/2"]
[WhiteElo "1864"]
[BlackElo "1687"]
[PlyCount "66"]
[EventDate "2009.11.02"]
[EventType "swiss"]
[EventRounds "9"]
[EventCountry "ESP"]
[Source "lmi"]
[SourceDate "2009.11.02"]

1. Nf3 Nf6 2. g3 e6 3. Bg2 d5 4. O-O c5 5. d4 Nc6 6. b3 b5 7. dxc5 Bxc5 8. c4
b4 9. cxd5 Nxd5 10. e4 Nde7 11. Qxd8+ Nxd8 12. Bb2 O-O 13. Ne5 a5 14. Nd2 f6
15. Nd3 Ba7 16. e5 Bb7 17. exf6 gxf6 18. Ne4 Nd5 19. Rac1 Ba6 20. Nxf6+ Nxf6
21. Bxa8 Bxd3 22. Rfd1 Bxf2+ 23. Kg2 Be4+ 24. Bxe4 Nxe4 25. Rc4 Bb6 26. Bd4
Bxd4 27. Rcxd4 Rf2+ 28. Kg1 Nf7 29. Rxe4 Rxa2 30. Rxe6 Ng5 31. Re7 Nf3+ 32. Kf1
Nxh2+ 33. Ke1 Nf3+ 1/2-1/2

[Event "Madrid ch - Previa A"]
[Site "Madrid ESP"]
[Date "2009.11.04"]
[Round "3.21"]
[White "Ortega Morales, Pedro"]
[Black "Franco Rincon, David"]
[Result "0-1"]
[WhiteElo "1809"]
[BlackElo "1824"]
[PlyCount "102"]
[EventDate "2009.11.02"]
[EventType "swiss"]
[EventRounds "9"]
[EventCountry "ESP"]
[Source "lmi"]
[SourceDate "2009.11.02"]

1. d4 d5 2. Bf4 Nf6 3. e3 c5 4. c3 cxd4 5. exd4 Nc6 6. Nf3 Bg4 7. Be2 e6 8.
Nbd2 Be7 9. h3 Bh5 10. Qb3 Bd6 11. Qxb7 Bxf4 12. Qxc6+ Nd7 13. Bb5 Rb8 14. b3
Rc8 15. Qxd7+ Qxd7 16. Bxd7+ Kxd7 17. c4 dxc4 18. Nxc4 Ke7 19. g4 Bg6 20. Nfe5
Be4 21. O-O f6 22. f3 Bd5 23. Nd3 Bxc4 24. bxc4 Be3+ 25. Kg2 Rxc4 26. Rfe1 Bxd4
27. Rac1 Rhc8 28. Rxc4 Rxc4 29. Rc1 Rxc1 30. Nxc1 Kd6 31. f4 e5 32. Kf3 Kd5 33.
fxe5 fxe5 34. Ke2 Kc4 35. Kf3 Kb4 36. Ke4 Ka3 37. Kd5 a5 38. Nb3 a4 39. Nxd4
exd4 40. Kxd4 Kxa2 41. Kc3 Ka3 42. h4 g6 43. h5 g5 44. Kd4 Kb3 45. Ke5 a3 46.
Kf6 a2 47. Kxg5 a1=Q 48. Kh6 Qd1 49. g5 Qc1 50. Kxh7 Qxg5 51. h6 Kc4 0-1

[Event "Madrid ch - Previa A"]
[Site "Madrid ESP"]
[Date "2009.11.04"]
[Round "3.23"]
[White "Pardiñas Riaño, Emilio"]
[Black "Cortijo Manso, Luis"]
[Result "0-1"]
[WhiteElo "1838"]
[BlackElo "1628"]
[PlyCount "108"]
[EventDate "2009.11.02"]
[EventType "swiss"]
[EventRounds "9"]
[EventCountry "ESP"]
[Source "lmi"]
[SourceDate "2009.11.02"]

1. e4 c5 2. Nf3 d6 3. d4 Nf6 4. Nc3 cxd4 5. Nxd4 a6 6. Be2 Nc6 7. O-O e6 8. Be3
Be7 9. Qd2 O-O 10. a3 Qc7 11. Rac1 Ne5 12. f3 Nc4 13. Bxc4 Qxc4 14. Rfd1 Qc7
15. Qf2 b5 16. Nde2 Bb7 17. Ng3 Rfe8 18. h3 Rac8 19. Rd2 Qc6 20. Rcd1 Red8 21.
Nce2 h6 22. Nd4 Qd7 23. Nb3 Qe8 24. Na5 Ba8 25. Bb6 Rd7 26. Ne2 Bxe4 27. fxe4
Nxe4 28. Qe3 Nxd2 29. Qxd2 Rb8 30. Be3 Bf8 31. Nc6 Rc8 32. Nb4 Rdc7 33. c3 a5
34. Nd3 Rc6 35. Nd4 R6c7 36. Nf3 e5 37. Nf2 Qe6 38. Bb6 Rd7 39. Bxa5 Be7 40.
Bb4 e4 41. Re1 d5 42. Bxe7 Rxe7 43. Re3 f5 44. Nd4 Qd7 45. g3 g5 46. Re1 Rce8
47. Qe2 e3 48. Nd3 f4 49. g4 Rf7 50. Nf3 Qd6 51. Nd4 f3 52. Nf5 Rxf5 53. Qh2
f2+ 54. Nxf2 exf2+ 0-1

[Event "Madrid ch - Previa A"]
[Site "Madrid ESP"]
[Date "2009.11.04"]
[Round "3.24"]
[White "Suarez Mencia, Roberto"]
[Black "Corredor Gonzalez, Angel L"]
[Result "0-1"]
[WhiteElo "1653"]
[BlackElo "1806"]
[PlyCount "42"]
[EventDate "2009.11.02"]
[EventType "swiss"]
[EventRounds "9"]
[EventCountry "ESP"]
[Source "lmi"]
[SourceDate "2009.11.02"]

1. c4 e5 2. g3 Nc6 3. Bg2 Nf6 4. e3 Bc5 5. Ne2 d6 6. Nbc3 a6 7. d4 exd4 8. exd4
Ba7 9. b4 O-O 10. a3 Re8 11. c5 dxc5 12. bxc5 Nxd4 13. O-O Bxc5 14. Re1 Bg4 15.
Bd2 Nf3+ 16. Bxf3 Bxf3 17. Qc2 Ng4 18. Ne4 Rxe4 19. Qxc5 Qxd2 20. Qxc7 Rxe2 21.
Rad1 Rxe1+ 0-1

[Event "Madrid ch - Previa A"]
[Site "Madrid ESP"]
[Date "2009.11.04"]
[Round "3.25"]
[White "Benitez Cadenas, Luis Miguel"]
[Black "Castro Uceda, Jose Antonio"]
[Result "1-0"]
[WhiteElo "1774"]
[BlackElo "1715"]
[PlyCount "71"]
[EventDate "2009.11.02"]
[EventType "swiss"]
[EventRounds "9"]
[EventCountry "ESP"]
[Source "lmi"]
[SourceDate "2009.11.02"]

1. c4 c5 2. Nf3 e6 3. Nc3 d5 4. cxd5 exd5 5. d4 c4 6. b3 Bb4 7. Bd2 Nf6 8. bxc4
dxc4 9. e3 Be6 10. Qa4+ Nc6 11. Rb1 a5 12. a3 Bxc3 13. Bxc3 Nd5 14. Qc2 Nb6 15.
Be2 Ra6 16. O-O Qd7 17. e4 Ne7 18. d5 Bg4 19. Ne5 Qd6 20. Nxg4 Qxa3 21. Bd4 Qd6
22. Bxc4 Nxc4 23. Qxc4 O-O 24. Rxb7 Rc8 25. Qb5 Raa8 26. Be5 Qd8 27. Bxg7 Kxg7
28. Qb2+ Kf8 29. Qh8+ Ng8 30. Qxh7 Rc7 31. Nh6 Rxb7 32. Qxg8+ Ke7 33. Qxf7+ Kd6
34. Qxb7 Qf8 35. Rc1 Rb8 36. Qc7# 1-0

[Event "Madrid ch - Previa A"]
[Site "Madrid ESP"]
[Date "2009.11.10"]
[Round "4.1"]
[White "Tipter, Napoleon"]
[Black "Caceres Rodriguez, Jose J"]
[Result "0-1"]
[WhiteElo "2048"]
[BlackElo "1997"]
[PlyCount "84"]
[EventDate "2009.11.02"]
[EventType "swiss"]
[EventRounds "9"]
[EventCountry "ESP"]
[Source "lmi"]
[SourceDate "2009.11.02"]

1. e4 e5 2. Nf3 Nf6 3. Nxe5 d6 4. Nf3 Nxe4 5. Nc3 Nxc3 6. dxc3 Be7 7. Bf4 Nc6
8. Qd2 a6 9. Bd3 Be6 10. O-O Qd7 11. Rfe1 O-O 12. Re3 Bf5 13. Rae1 Bf6 14. Ng5
Bxd3 15. Qxd3 Bxg5 16. Bxg5 Rfe8 17. Kf1 Rxe3 18. Rxe3 Re8 19. Rh3 h6 20. Bf4
Ne5 21. Qd4 Qb5+ 22. c4 Nxc4 23. Qd3 Qxb2 24. g4 Ne5 25. Qd1 Ng6 26. Be3 Qb5+
27. Kg1 Qb4 28. Rg3 Qe4 29. g5 h5 30. c3 Nf4 31. Rf3 Nd5 32. Rg3 g6 33. Bd2 Re6
34. Qc1 Qe2 35. h3 b5 36. Rg2 Nb6 37. Kh2 Nc4 38. f4 Qf3 39. a4 Re2 40. Qg1
Rxg2+ 41. Qxg2 Qxg2+ 42. Kxg2 Nxd2 0-1

[Event "Madrid ch - Previa A"]
[Site "Madrid ESP"]
[Date "2009.11.10"]
[Round "4.2"]
[White "Spitzer Isbert, Ramon"]
[Black "Fernandez Aransay, Fernando"]
[Result "1-0"]
[WhiteElo "2064"]
[BlackElo "1937"]
[PlyCount "65"]
[EventDate "2009.11.02"]
[EventType "swiss"]
[EventRounds "9"]
[EventCountry "ESP"]
[Source "lmi"]
[SourceDate "2009.11.02"]

1. Nf3 d5 2. c4 c5 3. cxd5 Qxd5 4. Nc3 Qd8 5. e3 Nf6 6. Bc4 Nc6 7. O-O e6 8. d4
cxd4 9. exd4 Be7 10. Bg5 O-O 11. Rc1 b6 12. Qe2 Nxd4 13. Qe3 Nf5 14. Qe1 Kh8
15. Ne5 Nd5 16. Nc6 Qc7 17. Nxe7 Ndxe7 18. Nb5 Qd7 19. Qb4 Bb7 20. Rfd1 Qc6 21.
Bf1 Nd5 22. Qe4 Qe8 23. Nc7 Nd6 24. Qh4 Nxc7 25. Rxc7 Nf5 26. Qh3 Bc6 27. g4 f6
28. gxf5 fxg5 29. Qc3 e5 30. Qxc6 Qh5 31. f6 gxf6 32. Rdd7 f5 33. Qb7 1-0

[Event "Madrid ch - Previa A"]
[Site "Madrid ESP"]
[Date "2009.11.10"]
[Round "4.3"]
[White "Sotnikov, Taras"]
[Black "Beekhof Harmsen, Willen"]
[Result "1-0"]
[WhiteElo "1971"]
[BlackElo "1872"]
[PlyCount "77"]
[EventDate "2009.11.02"]
[EventType "swiss"]
[EventRounds "9"]
[EventCountry "ESP"]
[Source "lmi"]
[SourceDate "2009.11.02"]

1. e4 d6 2. d4 Nf6 3. Nc3 g6 4. Be3 Bg7 5. Qd2 h5 6. f3 c6 7. Nge2 Nfd7 8. Nc1
a5 9. a4 b6 10. Be2 Ba6 11. Nd3 c5 12. dxc5 bxc5 13. Rd1 Nc6 14. O-O Rb8 15. b3
Nb4 16. Nxb4 Bxe2 17. Nc6 Qb6 18. Nxb8 Bxf1 19. Nxd7 Qb4 20. Nd5 Qxd2 21. Rxd2
Bxg2 22. N7f6+ exf6 23. Kxg2 Kd7 24. Nb6+ Kc7 25. Nc4 f5 26. Rxd6 fxe4 27. fxe4
Re8 28. Bf4 Kc8 29. Kf3 Bc3 30. Nb6+ Kb7 31. Nd5 Be5 32. Bxe5 Rxe5 33. Kf4 Re8
34. Rd7+ Kc6 35. Rxf7 g5+ 36. Kf5 g4 37. Rf6+ Kd7 38. e5 c4 39. Rd6+ 1-0